| 000 | 00424nam a22001697a 4500 | ||
|---|---|---|---|
| 003 | CEME | ||
| 005 | 20210628202259.0 | ||
| 008 | 210302b xxu||||| |||| 00| 0 eng d | ||
| 040 | _c. | ||
| 082 | _a297.28 KAL | ||
| 100 |
_aQazi, Raja M Sharif _959123 |
||
| 245 | _aKalam-e- rehman, bible ya quran | ||
| 260 |
_aLAHORE _bFEROZ SONS _c2000 |
||
| 300 | _a341P | ||
| 650 |
_aISLAM-KALAM-E- REHMAN. _959124 |
||
| 942 |
_cBK _2ddc |
||
| 999 |
_c569174 _d569174 |
||